MNCCI introduction & member's directory : 2002 connecting people and business.
| Corporate Author: | |
|---|---|
| Format: | Book |
| Published: |
Ulaanbaatar:
MNCCI,
2002.
|
| Subjects: |
| LEADER | 00518cam a2200145 7i4500 | ||
|---|---|---|---|
| 001 | 0000015127 | ||
| 005 | 20050315090000.0 | ||
| 090 | 0 | 0 | |a MON 380.1025 |b MON |
| 110 | 2 | 0 | |a Mongolian National Chamber of Commerce and Industry (MNCCI) |
| 245 | 0 | 0 | |a MNCCI introduction & member's directory : |b 2002 connecting people and business. |
| 260 | 0 | 0 | |a Ulaanbaatar: |b MNCCI, |c 2002. |
| 300 | # | # | |a [n.p]. |
| 650 | 0 | 0 | |a Mongolia -- |x Business -- |x Directories |
| 651 | 0 | 0 | |a Mongolia |
| 999 | |a 0000016174 |b Directories |c Countries |e Business Information Centre | ||